| 000 | 01842nam a2200385Ia 4500 | ||
|---|---|---|---|
| 001 | DIGCIDOB208 | ||
| 003 | NyNyDIG | ||
| 006 | m o d | ||
| 007 | cr ||||||||||| | ||
| 008 | 150101s2014 sp ob 000 0 eng d | ||
| 035 | _a(OCoLC)1335125613 | ||
| 040 |
_aDGITA _beng _erda _epn _cDGITA |
||
| 043 | _ae------ | ||
| 050 | 1 | 4 | _aKJE4442.3 |
| 100 | 1 |
_aBudó, Glòria, _eauthor. |
|
| 245 | 1 | 0 |
_aEU common values at stake : _bis article 7 TEU an effective protection mechanism? / _cGlòria Budó. |
| 264 | 1 |
_aBarcelona : _bFundació CIDOB, Barcelona Centre for International Affairs, _c2014. |
|
| 300 | _a1 online resource (14 pages) | ||
| 336 |
_atext _btxt _2rdacontent |
||
| 337 |
_acomputer _bc _2rdamedia |
||
| 338 |
_aonline resource _bcr _2rdacarrier |
||
| 490 | 1 |
_aDocumentos CIDOB. _aEuropa |
|
| 490 | 1 |
_aDocumentos CIDOB. _aNueva época ; _v1. |
|
| 500 | _a"Article 7 of the Treaty on the European Union (TEU) sets up a mechanism to guarantee the protection of EU core values, with an early warning system in case of a risk of breaches, and a sanctions mechanism in the event of a serious and persistent breach by a Member State. Regrettably, this article has never been activated and therefore its objectives are far from being achieved". | ||
| 504 | _aIncludes bibliographical references (pages 12-14) | ||
| 588 | _aDescription based on online resource; title from PDF title page (Digitalia, viewed December 5, 2014) | ||
| 650 | 0 | _aTreaty on European Union (1992) | |
| 655 | 7 |
_aPeriodicals. _2lcgft |
|
| 710 | 2 | _aCIDOB (Center) | |
| 793 | 0 |
_gDigitalia e-journal Collection: _aCIDOB, Barcelona |
|
| 791 | 2 |
_aDigitalia (Firm), _edistributor. |
|
| 830 | 0 |
_aDocumentos CIDOB. _pNueva época, _x2339-9570 ; _v1. |
|
| 856 | 4 | 0 |
_3Digitalia Hispánica _uhttps://www.digitaliapublishing.com/a/33969/ |
| 942 | _cRAA | ||
| 999 |
_c242135 _d242135 |
||